000 00629cam a2200217 4500500
005 20260329003250.0
041 _afre
042 _adc
100 1 0 _aPersonne, Thomas
_eauthor
245 0 0 _aCosmos. Une ontologie matérialiste
260 _c2015.
500 _a88
690 _aCatherine Portevin
690 _aCosmos
690 _aDeuil
690 _aMichel Onfray
690 _aNature
690 _aPensée magique
786 0 _nPhilosophie magazine | 88 | 4 | 2015-04-01 | p. 71-72 | 1951-1787
856 4 1 _uhttps://shs.cairn.info/magazine-philosophie-magazine-2015-4-page-71?lang=fr&redirect-ssocas=7080
999 _c1822951
_d1822951